000 00456nam a2200169Ia 4500
008 240729s9999 xx 000 0 und d
022 _a1899-1955
245 0 _aHuman Movement
260 _aPoland
260 _bTermedia Publishing House
650 _a Recreation. Leisure
650 _a Sports
650 _aGeography. Anthropology. Recreation
856 _uhttps://doaj.org/toc/a9cfe5aa70584101a017d4f34520f6f8
942 _2ddc
942 _cDOAJEJ
999 _c74417
_d74417
945 _a1
_bMadushi Gamage
_c1
_dMadushi Gamage